[Event "San Francisco TNM Fall op"]
[Site "San Francisco"]
[Date "2014.12.16"]
[Round "8"]
[White "Poling, Scott"]
[Black "Wang, Y."]
[Result "0-1"]
[WhiteElo "1728"]
[BlackElo "2033"]
[PlyCount "73"]
[EventDate "2014.10.21"]
[EventType "swiss"]
[EventRounds "8"]
[EventCountry "USA"]
[SourceTitle "EXT 2016"]
[Source "ChessBase"]
[SourceDate "2015.10.08"]
[SourceVersion "1"]
[SourceVersionDate "2015.10.08"]
[SourceQuality "1"]

1. e4 c5 2. c3 d5 3. exd5 Qxd5 4. d4 Nc6 5. Nf3 Bg4 6. Be2 Nf6 7. h3 Bf5 8. 0-0 e6 9. Be3 cxd4 10. Nxd4 Be7 11. c4 Qe5 12. Nxc6 bxc6 13. Bd4 Qf4 14. Be3 Qe5 15. Bd4 Qf4 16. Be3 Qh4 17. Qd4 Ne4 18. Bf3 Bf6 19. Qd1 0-0 20. Bd4 e5 21. Be3 Rad8 22. Qc1 Ng5 23. Bxc6 Bxh3 24. Nd2 Bg4 25. Bc5 Rc8 26. Bxf8 Rxc6 27. Bb4 Nh3+ 28. gxh3 Bxh3 29. Qc3 Bd8 30. Ne4 Bxf1 31. Qxe5 Re6 32. Qc5 h6 33. Qf8+ Kh7 34. Rxf1 Rxe4 35. Re1 Qg4+ 36. Kh2 Bc7+ 37. Kh1 0-1

[Event "San Francisco TNM Fall op"]
[Site "San Francisco"]
[Date "2014.11.26"]
[Round "5"]
[White "Wang, Y."]
[Black "Wong, Russell"]
[Result "0-1"]
[WhiteElo "2033"]
[BlackElo "2200"]
[PlyCount "48"]
[EventDate "2014.10.21"]
[EventType "swiss"]
[EventRounds "8"]
[EventCountry "USA"]
[SourceTitle "EXT 2016"]
[Source "ChessBase"]
[SourceDate "2015.10.08"]
[SourceVersion "1"]
[SourceVersionDate "2015.10.08"]
[SourceQuality "1"]

1. e4 Nf6 2. Nc3 d5 3. e5 Nfd7 4. e6 fxe6 5. d4 c5 6. Nf3 cxd4 7. Nxd4 Nf6 8. Bb5+ Kf7 9. Bf4 a6 10. Bd3 Nc6 11. Nf3 h6 12. h4 d4 13. Ne4 e5 14. Bxe5 Qd5 15. Qe2 b5 16. c4 dxc3 17. Nxc3 Qc5 18. 0-0 Bg4 19. Ne4 Bxf3 20. Nxc5 Bxe2 21. Bxe2 Nxe5 22. a4 e6 23. Nb3 bxa4 24. Rxa4 Rb8 0-1

[Event "San Francisco TNM Summer op"]
[Site "San Francisco"]
[Date "2014.07.15"]
[Round "8"]
[White "Wang, Y."]
[Black "Manvelyan, Hovik"]
[Result "0-1"]
[WhiteElo "1887"]
[BlackElo "2026"]
[PlyCount "100"]
[EventDate "2014.05.27"]
[EventType "swiss"]
[EventRounds "8"]
[EventCountry "USA"]
[SourceTitle "EXT 2016"]
[Source "ChessBase"]
[SourceDate "2015.10.08"]
[SourceVersion "1"]
[SourceVersionDate "2015.10.08"]
[SourceQuality "1"]

1. e4 c5 2. Nc3 Nc6 3. f4 d6 4. Nf3 g6 5. Bb5 Bd7 6. 0-0 Bg7 7. d3 e6 8. Qe1 Nge7 9. Bc4 Na5 10. f5 Nxc4 11. dxc4 gxf5 12. Qg3 Bxc3 13. bxc3 Bc6 14. Ng5 h6 15. Qh3 Qd7 16. Bd2 Ng6 17. Nxf7 Qxf7 18. exf5 Ne5 19. Rae1 Bxg2 20. Kxg2 Rg8+ 21. Kh1 b6 22. Rg1 Qb7+ 23. Rg2 exf5 24. Kg1 Qxg2+ 25. Qxg2 Rxg2+ 26. Kxg2 Kf7 27. Bxh6 Rg8+ 28. Kf1 Rg4 29. Re2 Rxc4 30. Rd2 Ke6 31. Bf8 d5 32. Re2 Re4 33. Bg7 Ng4 34. h3 Ne3+ 35. Kf2 f4 36. Bh6 Nd1+ 37. Kf3 Rxe2 38. Kxe2 Nxc3+ 39. Kd3 f3 40. Ke3 f2 41. Kxf2 Nxa2 42. Bf4 Nb4 43. Bb8 Nc6 44. Bf4 Kf5 45. Bc1 a5 46. c3 a4 47. Ke2 Na5 48. Kd3 Nb3 49. Ba3 Kg5 50. c4 d4 0-1

[Event "San Francisco TNM Summer op"]
[Site "San Francisco"]
[Date "2014.07.08"]
[Round "7"]
[White "Nagle, Michael P"]
[Black "Wang, Y."]
[Result "0-1"]
[WhiteElo "1402"]
[BlackElo "1887"]
[PlyCount "40"]
[EventDate "2014.05.27"]
[EventType "swiss"]
[EventRounds "8"]
[EventCountry "USA"]
[SourceTitle "EXT 2016"]
[Source "ChessBase"]
[SourceDate "2015.10.08"]
[SourceVersion "1"]
[SourceVersionDate "2015.10.08"]
[SourceQuality "1"]

1. e4 c5 2. Nf3 d6 3. d4 cxd4 4. Nxd4 Nf6 5. Nc3 g6 6. Be3 Bg7 7. Qd2 Nc6 8. Bc4 0-0 9. f3 Bd7 10. h4 Qa5 11. 0-0-0 Rfc8 12. g4 Nxd4 13. Qxd4 Nxg4 14. Bxf7+ Kxf7 15. Qd2 Bxc3 16. bxc3 Qa3+ 17. Kb1 Be6 18. Qd4 Bxa2+ 19. Ka1 Bb3+ 20. Kb1 Qa2+ 0-1

[Event "San Francisco TNM Spring op"]
[Site "San Francisco"]
[Date "2013.04.16"]
[Round "5"]
[White "Wang, Y."]
[Black "Solomonik, Edgar"]
[Result "1-0"]
[WhiteElo "2012"]
[BlackElo "1779"]
[PlyCount "59"]
[EventDate "2013.03.19"]
[EventType "swiss"]
[EventRounds "8"]
[EventCountry "USA"]
[SourceTitle "EXT 2016"]
[Source "ChessBase"]
[SourceDate "2015.10.08"]
[SourceVersion "1"]
[SourceVersionDate "2015.10.08"]
[SourceQuality "1"]

1. e4 c6 2. d4 d5 3. Nc3 dxe4 4. Nxe4 Bf5 5. Ng3 Bg6 6. h4 h6 7. Nf3 Nd7 8. h5 Bh7 9. Bd3 Bxd3 10. Qxd3 Qc7 11. Bd2 e6 12. 0-0-0 Ngf6 13. Ne4 Nxe4 14. Qxe4 Nf6 15. Qe2 0-0-0 16. g3 Bd6 17. Ne5 c5 18. Nc4 cxd4 19. Nxd6+ Qxd6 20. Bf4 Qc5 21. Qe5 Qxe5 22. Bxe5 Ng4 23. Bxd4 e5 24. Bxa7 f5 25. a4 Kc7 26. a5 Kc6 27. c4 Nf6 28. b4 Rxd1+ 29. Rxd1 Nxh5 30. Bb6 1-0

[Event "San Francisco TNM Spring op"]
[Site "San Francisco"]
[Date "2013.04.02"]
[Round "3"]
[White "MacIntyre, Brendan"]
[Black "Wang, Y."]
[Result "1-0"]
[WhiteElo "1655"]
[BlackElo "2012"]
[PlyCount "79"]
[EventDate "2013.03.19"]
[EventType "swiss"]
[EventRounds "8"]
[EventCountry "USA"]
[SourceTitle "EXT 2016"]
[Source "ChessBase"]
[SourceDate "2015.10.08"]
[SourceVersion "1"]
[SourceVersionDate "2015.10.08"]
[SourceQuality "1"]

1. d4 Nf6 2. c4 g6 3. Nc3 d5 4. e3 Bg7 5. Nf3 0-0 6. cxd5 Nxd5 7. g3 c5 8. Bg2 Nc6 9. 0-0 Bg4 10. Qb3 Nxc3 11. bxc3 Na5 12. Qb5 cxd4 13. cxd4 a6 14. Qb4 Rc8 15. Ne5 Bxe5 16. dxe5 Rc4 17. Qa3 b5 18. Qb2 Bf5 19. Qd2 Qc7 20. Ba3 Rd8 21. Qb2 Rc2 22. Qb4 Rdd2 23. Qxe7 Qxe7 24. Bxe7 Bd3 25. Rfc1 Nc4 26. Rxc2 Bxc2 27. Bf6 h6 28. Bb7 a5 29. Ba6 Na3 30. Kf1 Bb1 31. Bxb5 Rb2 32. Ba4 Bxa2 33. Rd1 Rb8 34. Rd4 g5 35. h4 gxh4 36. Bxh4 Be6 37. Kg2 Nc4 38. Bf6 Rb4 39. Rd8+ Kh7 40. Bc2+ 1-0